Klaster Liptov

Charakteristika klastra. Prvý klaster cestovného ruchu na Slovensku - Liptov. Fungovanie tohto klastra. Zdroje príjmov regionálneho klastra Liptov. Využitie fondu mikroprojektov. Marketingová komunikácia. Plánovaná regionálna karta - nástroj na zvyšovanie návštevnosti regiónu a predlžovanie pobytu.

Enregistré dans:
Détails bibliographiques
Auteur principal: Kramárová, Zlatica
Autres auteurs: Niňajová, Iveta
Format: Chapitre de livre
Langue:slovaque
Sujets:
Tags: Ajouter un tag
Pas de tags, Soyez le premier à ajouter un tag!

MARC

LEADER 00000naa$a2200000$$$4500
001 0098559
005 20231011125327.0
041 0 |a slo 
044 |a SK 
245 1 0 |a Klaster Liptov  |c Zlatica Kramárová, Iveta Niňajová 
520 |a Charakteristika klastra. Prvý klaster cestovného ruchu na Slovensku - Liptov. Fungovanie tohto klastra. Zdroje príjmov regionálneho klastra Liptov. Využitie fondu mikroprojektov. Marketingová komunikácia. Plánovaná regionálna karta - nástroj na zvyšovanie návštevnosti regiónu a predlžovanie pobytu. 
610 2 0 |a ruch cestovný 
610 2 0 |a klaster 
610 2 0 |a financie 
610 2 0 |a komunikácia marketingová 
610 2 0 |a marketing 
610 2 0 |a regióny 
610 2 0 |a rozvoj regionálny 
610 2 0 |a Slovensko 
100 1 |a Kramárová, Zlatica 
700 1 |a Niňajová, Iveta